| 000 | 00387nam a2200145Ia 4500 | ||
|---|---|---|---|
| 008 | 210716s2016 xx 000 0 und d | ||
| 020 | _a9788120351615 | ||
| 041 | _aeng | ||
| 082 | _a658.152 AHUN | ||
| 100 | _aAhuja, Narender L;Dawar, Varun;Arrawatia, Rakesh. | ||
| 245 | _aCorporate finance. | ||
| 250 | _a1 | ||
| 260 |
_aNew Delhi _bPHI Learning Pvt Ltd _c2016 |
||
| 300 | _axvii,537 | ||
| 999 |
_c209868 _d209868 |
||